Animals found on a farm - Statistics

General Stats
  • This quiz has been taken 542 times
  • The average score is 8 of 13
Answer Stats
Hint Answer % Correct
cow
99%
chicken
93%
horse
93%
pig
93%
sheep
91%
dog
86%
cat
84%
goat
77%
alpaca
17%
mice
13%
lama
9%
rats
4%
flies
3%
No matching quizzes found
Score Distribution
Percent of People with Each Score
Percentile by Number Answered
Your Score History
You have not taken this quiz